000
00338cam a2200145ua 4500
041
_a
hin
_h
082
_a
891.54
_b
RAN/UB
100
_a
Rangay, Ragav .
245
_a
Ubaal /
_c
Rangay, Ragav.
_h
Textual Documents
260
_a
:
_b
Rajkamal Prakashan ,
_c
1954.
300
_a
114 ; .
504
_a
942
_c
BK
999
_c
11942
_d
11942